[Event "FSGM August"]
[Site "Budapest HUN"]
[Date "2008.08.05"]
[Round "4"]
[White "Lorscheid,G"]
[Black "Eisenbeiser,A"]
[Result "1/2-1/2"]
[WhiteElo "2348"]
[BlackElo "2434"]

1.d4 d6 2.Nf3 Nf6 3.c4 g6 4.Nc3 Bg7 5.e4 O-O 6.Be2 e5 7.d5 Nh5 8.g3 Bh8 9.Bh6 Ng7
10.h4 Bg4 11.Nd2 Bxe2 12.Qxe2 f5 13.h5 Nd7 14.hxg6 hxg6 15.O-O-O Nf6 16.f3 Qd7
17.Qh2 Rf7 18.Bg5 Ngh5 19.exf5 Qxf5 20.Be3 Rh7 21.g4 Qd3 22.gxh5 Qxe3 23.Qg2 g5
24.h6 Rf7 25.Rde1 Qf4 26.Ne4 Nxe4 27.Rxe4 Qf5 28.Rg4 Bf6 29.Ne4 Kh8 30.Rh5 Rg8
31.Nxg5 Bxg5+ 32.Rhxg5 Rxg5 33.Rxg5 Qh7 34.Qh3 Rf8 35.Kd2  1/2-1/2

[Event "IX Miquel Mas de Figueres Open"]
[Site "Castell de Sant Ferran ESP"]
[Date "2008.08.05"]
[Round "5"]
[White "Badosa Romanyo,A"]
[Black "Fernandez Garcia,France"]
[Result "0-1"]
[WhiteElo "1877"]
[BlackElo "2037"]

1.d4 Nf6 2.c4 g6 3.Nc3 Bg7 4.e4 O-O 5.Nf3 d6 6.Be2 e5 7.dxe5 dxe5 8.Qxd8 Rxd8
9.Bg5 c6 10.O-O h6 11.Bh4 Bg4 12.Rad1 Na6 13.Rxd8+ Rxd8 14.Rd1 Rxd1+ 15.Bxd1 Nc5
16.Bc2 g5 17.Bg3 Bxf3 18.gxf3 Nfd7 19.Nd1 Ne6 20.Ne3 Nd4 21.Bd1 f6 22.b4 Kf7
23.Nc2 Nxc2 24.Bxc2 b6 25.h4 Ke7 26.hxg5 hxg5 27.Kg2 Nf8 28.f4 exf4 29.Bh2 Ng6
30.Bd1 Ne5 31.Be2 Bf8 32.f3 Kd7 33.a3 a5 34.bxa5 bxa5 35.a4 Bc5 36.Bg1 Kd6
37.Bh2 Be3 38.Bg1 Bxg1 39.Kxg1 Kc5  0-1

[Event "Petrovskaya Ladya Open"]
[Site "Peterhof RUS"]
[Date "2008.08.05"]
[Round "4"]
[White "Sorokina,A RUS"]
[Black "Dzhangobegov,V"]
[Result "0-1"]
[WhiteElo "2073"]
[BlackElo "2166"]

1.d4 Nf6 2.Nf3 g6 3.c4 Bg7 4.Nc3 d6 5.e4 O-O 6.Be2 Nbd7 7.O-O e5 8.Be3 Qe7
9.d5 Ng4 10.Bg5 f6 11.Bc1 f5 12.Ne1 Ngf6 13.f3 f4 14.a3 Nh5 15.Nd3 Ng3 16.Rf2 Qh4
17.b4 g5 18.Nb5 Rf6 19.h3 Rh6 20.Nxc7 Nf8 21.Bf1 Rb8 22.Qe1 Rg6 23.Rc2 h5
24.Nf2 g4 25.fxg4 hxg4 26.hxg4 Rh6 27.Nh3 Bxg4 28.Raa2 Rc8 29.Nb5 Nh7 30.Nc3 Ng5
31.Nd1 Bxh3 32.gxh3 Nf3+  0-1

[Event "Najdorf Memorial Open"]
[Site "Warsaw POL"]
[Date "2008.08.05"]
[Round "4"]
[White "Moranda,W"]
[Black "Piorun,K"]
[Result "1/2-1/2"]
[WhiteElo "2533"]
[BlackElo "2445"]

1.d4 Nf6 2.c4 g6 3.Nc3 Bg7 4.e4 d6 5.Nf3 O-O 6.Be2 e5 7.Be3 h6 8.O-O Ng4
9.Bc1 Nc6 10.d5 Ne7 11.Ne1 h5 12.h3 Nh6 13.f4 exf4 14.Bxf4 f5 15.Qd2 Nf7
16.Nf3 fxe4 17.Nxe4 Nf5 18.Rae1 h4 19.Bd3 c6 20.Neg5 Qb6+ 21.Rf2 Nxg5 22.Bxg5 Bd7
23.Bxf5 Bxf5 24.Bh6 Rae8 25.Rxe8 Rxe8 26.Bxg7 Kxg7 27.Nxh4 Bd3 28.Kh2 Qd4
29.Nf3 Qxc4 30.dxc6 bxc6 31.b3 Qd5 32.Qc3+ Kg8 33.Rd2 Re3 34.Qf6 a5 35.Qf4 Re2
36.Rd1 Qe4 37.Qg3 Re3 38.Rd2 d5 39.Qd6 c5 40.Rf2 c4 41.bxc4 dxc4 42.Rb2 Qe7
43.Rb8+ Kh7 44.Ng5+ Kg7 45.Qf4 Qe5 46.Rb7+ Kg8 47.Rb8+  1/2-1/2

[Event "17th Open"]
[Site "Kavala GRE"]
[Date "2008.08.06"]
[Round "8"]
[White "Nikolov,Mo"]
[Black "Arsovic,Z"]
[Result "1-0"]
[WhiteElo "2500"]
[BlackElo "2475"]

1.d4 Nf6 2.c4 d6 3.Nc3 Nbd7 4.e4 e5 5.Nf3 g6 6.Be2 Bg7 7.O-O O-O 8.Re1 c6
9.Bf1 h6 10.Rb1 Re8 11.d5 Nf8 12.Nd2 cxd5 13.cxd5 Re7 14.Nc4 Ne8 15.Be3 f5
16.f3 f4 17.Bf2 b6 18.a4 Rb7 19.b4 g5 20.a5 h5 21.axb6 axb6 22.Ra1 Rab8 23.Nb5 Qd7
24.Nd2 g4 25.Qa4 Bh6 26.Kh1 Qf7 27.Rec1 Bd7 28.Qa6 Qg6 29.Na7 Nc7 30.Qd3 Re8
31.Nc4 Na8 32.b5 Nh7 33.Qa3 Bf8 34.Qa6 Reb8 35.Nc6 Nc7 36.Nxb8 Nxa6 37.bxa6 Rxb8
38.Nxb6 Qe8 39.a7 Rd8 40.a8=Q Rxa8 41.Rxa8 Qe7 42.Rc7 g3 43.Bg1 Qh4 44.Nxd7 gxh2
45.Bb6 Qe1 46.Nxf8 Qxf1+ 47.Kxh2 Nxf8 48.Rcc8 Kg7 49.Rxf8 Qe1 50.Rg8+ Kf7
51.Raf8+ Ke7 52.Bd8+  1-0

[Event "Petrovskaya Ladya Open"]
[Site "Peterhof RUS"]
[Date "2008.08.06"]
[Round "5"]
[White "Anjuhin,A"]
[Black "Dzhangobegov,V"]
[Result "1/2-1/2"]
[WhiteElo "2346"]
[BlackElo "2166"]

1.d4 Nf6 2.c4 d6 3.Nc3 g6 4.e4 Bg7 5.Nf3 O-O 6.Be2 Nbd7 7.O-O e5 8.dxe5 dxe5
9.Qc2 Nh5 10.Rd1 Nf4 11.Bf1 Ne6 12.Be3 c5 13.Nd5 Nd4 14.Nxd4 cxd4 15.Bd2 Nc5
16.b4 Ne6 17.c5 f5 18.f3 fxe4 19.fxe4 Nf4 20.Bc4  1/2-1/2

[Event "Mercosur Cup"]
[Site "Villa Martelli ARG"]
[Date "2008.08.06"]
[Round "10"]
[White "Fusco,L"]
[Black "Flores Rios,M"]
[Result "0-1"]
[WhiteElo "2392"]
[BlackElo "2438"]

1.d4 Nf6 2.c4 g6 3.Nc3 Bg7 4.e4 d6 5.Be2 O-O 6.Nf3 e5 7.O-O Na6 8.Re1 Qe8
9.Bf1 Bg4 10.d5 Nb4 11.Be2 a5 12.Nd2 Bd7 13.a3 Na6 14.b3 Kh8 15.Rb1 Ng8 16.b4 b6
17.bxa5 bxa5 18.a4 f5 19.Ba3 Nf6 20.c5 Nxc5 21.Bxc5 dxc5 22.Bb5 c6 23.dxc6 Bxc6
24.Nc4 fxe4 25.Qd6 Bxb5 26.axb5 Rd8 27.Qc7 Qe6 28.Ne3 Rc8 29.Qxa5 Ra8 30.Qc7 Rfc8
31.Qb7 Bh6 32.b6 Rab8 33.Qa6 c4 34.Qb5 Rb7 35.Na4 Bxe3 36.Rxe3 Qd5 37.Qb4 Qc6
38.Qa5 Nd5 39.Rxe4 c3 40.Rc1 Rd7 41.Qa6 c2 42.f3 Nxb6 43.Nxb6 Rd1+ 44.Re1 Rxe1+
45.Rxe1 c1=Q 46.Rxc1 Qxc1+ 47.Kf2 Rc2+ 48.Kg3 Qg5+  0-1

[Event "12th HZ Open"]
[Site "Vlissingen NED"]
[Date "2008.08.06"]
[Round "6"]
[White "Rademakers,M"]
[Black "Llaneza Vega,P"]
[Result "0-1"]
[WhiteElo "1962"]
[BlackElo "2260"]

1.d4 Nf6 2.c4 g6 3.Nc3 Bg7 4.e4 d6 5.Nf3 O-O 6.Be2 Na6 7.O-O e5 8.Be3 Ng4
9.Bg5 Qe8 10.dxe5 dxe5 11.h3 f6 12.Bd2 Nh6 13.Be3 c6 14.c5 Nc7 15.Nd2 f5
16.Nc4 f4 17.Nd6 Qe7 18.Nxc8 Raxc8 19.Bd2 Kh8 20.b4 Rcd8 21.Bf3 Ne6 22.Ne2 Ng5
23.Kh2 Rd3 24.Qc2 Qd7 25.Bc3 Rxf3 26.gxf3 Qxh3+ 27.Kg1 Nxf3+  0-1

[Event "Najdorf Memorial Open"]
[Site "Warsaw POL"]
[Date "2008.08.06"]
[Round "5"]
[White "Bromberger,S"]
[Black "Grigoryan,Av"]
[Result "1/2-1/2"]
[WhiteElo "2490"]
[BlackElo "2537"]

1.d4 Nf6 2.c4 g6 3.Nc3 Bg7 4.e4 d6 5.Nf3 O-O 6.Be2 e5 7.O-O Na6 8.Be3 Ng4
9.Bg5 Qe8 10.c5 h6 11.Bh4 exd4 12.Nxd4 dxc5 13.Nb3 Ne5 14.Bxa6 bxa6 15.Nd5 Rb8  1/2-1/2

[Event "IX Miquel Mas de Figueres Open"]
[Site "Castell de Sant Ferran ESP"]
[Date "2008.08.07"]
[Round "7"]
[White "Fluvia Poyatos,Jor"]
[Black "Simon Padros,E"]
[Result "1-0"]
[WhiteElo "2500"]
[BlackElo "2230"]

1.d4 g6 2.c4 Bg7 3.Nc3 d6 4.e4 Nd7 5.Nf3 e5 6.Be2 Ngf6 7.O-O O-O 8.Be3 c6
9.d5 cxd5 10.cxd5 a6 11.Nd2 b5 12.b4 Ne8 13.a4 f5 14.f3 bxa4 15.Qxa4 Ndf6
16.b5 Bd7 17.Qa3 Nh5 18.Rfb1 Nf4 19.Bf1 Rf7 20.bxa6 Bh6 21.Nd1 g5 22.Qa5 Qe7
23.a7 Rf8 24.Rb8 Nf6  1-0

[Event "Arctic Chess Challenge"]
[Site "Tromso NOR"]
[Date "2008.08.07"]
[Round "6"]
[White "Pettersson,Tob"]
[Black "Sjol,H"]
[Result "1-0"]
[WhiteElo "2147"]
[BlackElo "1860"]

1.Nf3 Nf6 2.c4 g6 3.Nc3 Bg7 4.d4 d6 5.e4 O-O 6.Be2 e5 7.Be3 Nc6 8.d5 Ne7
9.Nd2 Ne8 10.f3 f5 11.O-O f4 12.Bf2 Nf6 13.c5 g5 14.Nc4 h5 15.cxd6 cxd6 16.Nb5 g4
17.Nbxd6 Bd7 18.Nxb7 Qb8 19.Nc5 Bb5 20.Rc1 Rc8 21.b4 a5 22.a4 Be8 23.b5 g3
24.hxg3 fxg3 25.Be3 Ng6 26.Ne6 Bd7 27.Nxg7 Kxg7 28.Nb6 Rh8 29.Nxd7 Nxd7 30.f4 Qd8
31.Rc6 Qh4 32.Rxg6+ Kxg6 33.Rf3 Qh2+ 34.Kf1 h4 35.Bg1 Qh1 36.Qd2 Nf6 37.fxe5 Ng4
38.Rxg3 hxg3 39.Bxg4 Raf8+ 40.Bf5+ Rxf5+ 41.exf5+ Kxf5 42.e6 Qh4 43.Qd4 Qh6
44.Qd3+ Ke5 45.Bd4+ Kd6 46.Qxg3+ Kxd5 47.Qe5+ Kc4 48.Qc5+ Kd3 49.Qc3+ Ke4
50.Bxh8 Qh1+ 51.Kf2 Qh4+ 52.Kg1  1-0

[Event "5th Open"]
[Site "Kalamaria GRE"]
[Date "2008.08.08"]
[Round "7"]
[White "Shavtvaladze,N"]
[Black "Jankovic,A"]
[Result "1/2-1/2"]
[WhiteElo "2435"]
[BlackElo "2532"]

1.d4 Nf6 2.Nf3 g6 3.c4 Bg7 4.Nc3 O-O 5.e4 d6 6.Be2 e5 7.dxe5 dxe5 8.Qxd8 Rxd8
9.Bg5 Re8 10.Nd5 Nxd5 11.cxd5 c6 12.Bc4 cxd5 13.Bxd5 Nd7 14.Nd2 h6 15.Be3 Nf6
16.Bb3 Ng4 17.Nc4 Be6 18.h3 Nxe3 19.Nxe3 Bxb3 20.axb3 Bf8 21.Ke2 Bc5 22.Nd5 Rec8
23.b4 Bd6 24.Kd3 f5 25.Rhc1 Rxc1 26.Rxc1 a6 27.f3 Kf7 28.Ra1 Rc8 29.b5 axb5
30.Ra5 b4 31.Rb5 Rb8 32.Nxb4 Bxb4 33.Rxb4 b5 34.Rb3 Kf6 35.Rc3 Rd8+ 36.Ke3 f4+
37.Ke2 Rd4 38.h4 Rb4 39.b3 g5 40.hxg5+ hxg5 41.Rd3 g4 42.Kf2 Kg5 43.Ke2 Kh4
44.Kf2 Kg5 45.Ke2 Kh4 46.Kf2  1/2-1/2

[Event "95th ch-GBR"]
[Site "Liverpool ENG"]
[Date "2008.08.08"]
[Round "11"]
[White "Pert,R"]
[Black "Hebden,M"]
[Result "1/2-1/2"]
[WhiteElo "2468"]
[BlackElo "2520"]

1.d4 Nf6 2.Nf3 g6 3.c4 Bg7 4.Nc3 O-O 5.e4 d6 6.Be2 e5 7.Be3 Nbd7 8.O-O Re8
9.d5 Nh5 10.Re1 Bf8 11.Qc2 Ng7 12.b4 f5 13.exf5 Nxf5 14.Bg5 Be7 15.Bxe7 Qxe7
16.Bd3 Nf6 17.Ne4 Rf8 18.Nxf6+ Qxf6 19.Qd2 Bd7 20.Rac1 Rae8 21.c5 Qd8 22.Be4 Kh8
23.Qc3 Re7 24.cxd6 cxd6 25.Qc7 Bb5 26.Qxd8 Rxd8 27.Bxf5 gxf5 28.Ng5 f4 29.Rc3 Bd7
30.g3 Rg7 31.Ne4 Bf5 32.Kg2 h5 33.f3 Bxe4 34.fxe4 h4 35.Rf1 Kh7 36.Rff3 Rdg8
37.Kf2 Rg4 38.gxf4 exf4 39.Ke2 Rg2+ 40.Rf2 Kh6 41.Kf3 h3 42.Rcc2 Rxf2+ 43.Rxf2 Kg5
44.Rf1 Rc8 45.Rg1+ Kf6 46.Kxf4 Rc2 47.Rf1 Rxa2 48.Rf3 Rb2 49.Rxh3 Rxb4 50.Rh6+ Ke7
51.Rh7+ Kf6 52.Rh6+ Ke7 53.Rh7+ Kf6  1/2-1/2

[Event "12th HZ Open"]
[Site "Vlissingen NED"]
[Date "2008.08.08"]
[Round "8"]
[White "Sparreboom,W"]
[Black "Ten Hagen,Y"]
[Result "0-1"]
[WhiteElo "1986"]
[BlackElo "2152"]

1.d4 Nf6 2.c4 g6 3.Nc3 Bg7 4.e4 O-O 5.Nf3 d6 6.Be2 e5 7.Be3 Na6 8.O-O Qe8
9.d5 Ng4 10.Bc1 f5 11.Ne1 Nf6 12.f3 f4 13.Nd3 g5 14.b4 h5 15.h3 Qg6 16.b5 Nb8
17.Nf2 Rf7 18.c5 Bf8 19.c6 Rg7 20.Kh1 a6 21.a4 axb5 22.Nxb5 bxc6 23.Nxc7 Rxc7
24.dxc6 Be6 25.Ba3 Rxc6 26.Bb5 Rb6 27.Rc1 g4 28.Bc4 Qf7 29.Bxe6 Qxe6 30.hxg4 hxg4
31.Rc7 Na6 32.Rc3 g3 33.Nh3 Ra7 34.Qc2 Nb4 35.Bxb4 Rxb4 36.Rc1 Rbxa4 37.Ng5 Qa2
38.Qd1 Rd4 39.Qf1 Rg7 40.R1c2 Qa7 41.Nh3 Nh7 42.Qc1 Ng5 43.Rc7 Rxc7 44.Rxc7 Qa4
45.Rc2 Nxh3 46.gxh3 Qb3 47.Kg2 Ra4 48.Qd2 Ra3 49.Qe2 Qd3  0-1

[Event "ch-Euro Seniors"]
[Site "Davos SUI"]
[Date "2008.08.09"]
[Round "1"]
[White "Masich,Vl"]
[Black "Zunker,R"]
[Result "1-0"]
[WhiteElo "2033"]
[BlackElo "2264"]

1.Nf3 Nf6 2.c4 g6 3.Nc3 Bg7 4.d4 d6 5.e4 O-O 6.Be2 e5 7.O-O Nbd7 8.Re1 c6
9.dxe5 dxe5 10.Bf1 Re8 11.h3 Qe7 12.a3 h6 13.Be3 g5 14.b4 Nf8 15.Bc5 Qe6
16.Qd6 N6d7 17.Qxe6 Nxe6 18.Bd6 Nd4 19.Rad1 Nxf3+ 20.gxf3 Nf8 21.c5 Ne6 22.Ne2 a5
23.Kg2 axb4 24.axb4 Ra4 25.Rb1 Bd7 26.Red1 Nd4 27.Bxe5 Nxe2 28.Rxd7 Ra2 29.Bxe2 Rxe2
30.Bxg7 Kxg7 31.Rxb7 Rc2 32.Rc7 Re6 33.Rd1 Rf6 34.Rd6 Rf4 35.e5 Rc3 36.Rf6 Rxf6
37.exf6+ Kxf6 38.Rxc6+ Ke5 39.Rxh6 f6 40.Rh7 Rc4 41.Rc7 Rxb4 42.Kg3 Rc4 43.Rc8 Ke6
44.c6 Kf5 45.c7 Rc3 46.Kg2 Rc1 47.Kh2 Rc2 48.Kg1 Rc1+ 49.Kg2 Kf4 50.Rf8 Rxc7
51.Rxf6+ Ke5 52.Rf8 Rc4 53.Kg3 Rb4 54.Re8+ Kf5 55.Re4 Rb1 56.Ra4 Rg1+ 57.Kh2 Re1
58.Ra8 Rb1 59.Rf8+ Kg6 60.f4 gxf4 61.Rxf4 Kg5 62.Ra4 Rb3 63.Kg2 Rc3 64.Ra8 Kf4
65.Rg8 Rc6 66.Rg4+ Kf5 67.Rb4 Rc3 68.f3 Rc1 69.Kg3 Rg1+ 70.Kf2 Rh1 71.Kg2 Rc1
72.h4 Rc7 73.Kg3 Rc1 74.Rb5+ Kg6 75.Kg4 Rg1+ 76.Kf4 Rh1 77.h5+ Kh6 78.Ra5 Re1
79.Rf5 Re2 80.Kg3 Re1 81.Kf2 Re8 82.f4 Re4 83.Kf3 Re1 84.Rg5 Rb1 85.Kg4 Rg1+
86.Kf5 Re1 87.Rg2 Rb1 88.Rh2 Rb5+ 89.Kg4 Rb3 90.Re2 Rb6 91.Re4 Rb1 92.Re6+ Kg7
93.Kg5 Rg1+ 94.Kf5 Rh1 95.h6+ Kf7 96.Ra6 Rh5+ 97.Kg4 Rh1 98.Kg5 Kg8 99.Ra8+ Kh7
100.Ra7+ Kh8 101.f5 Rg1+ 102.Kf6 Rh1 103.Kg6 Rg1+ 104.Kf7 Rc1 105.f6 Kh7
106.Ra3 Rc7+ 107.Ke6 Rc6+ 108.Ke7 Rc7+ 109.Kd6 Rb7 110.Rh3 Rb6+ 111.Ke5 Rb5+
112.Kd6 Rb6+ 113.Ke7 Rb7+ 114.Kd8 Rf7 115.Rf3 Kg6 116.Ke8 Rxf6 117.h7 Ra6
118.Rf6+ Rxf6 119.h8=Q Re6+ 120.Kd7 Rf6 121.Qg8+ Kf5 122.Ke7 Rg6 123.Qd5+ Kg4
124.Kf7 Rh6 125.Qg2+ Kf5 126.Kg7 Rh4 127.Qd5+ Kf4 128.Qd4+ Kg5 129.Qe3+ Rf4
130.Kh7 Kh5 131.Qe5+ Kg4 132.Kg6 Kf3 133.Qh5+ Kg3 134.Kg5 Rd4 135.Qh8 Rg4+
136.Kf5 Rf4+ 137.Ke5 Rg4 138.Qh1 Kf2 139.Qh5 Kg3 140.Qh1 Kf2 141.Qh2+ Kf3
142.Kf5 Rg3 143.Qh1+ Rg2 144.Qh3+ Kf2 145.Kf4 Kg1 146.Qe3+ Kh2 147.Qe1 Rg1
148.Qf2+ Rg2 149.Qc5 Kh1 150.Kf3 Rg3+ 151.Kf2 Rg2+ 152.Kf1  1-0

[Event "BDO Challenger"]
[Site "Haarlem NED"]
[Date "2008.08.09"]
[Round "1"]
[White "Duchene,R"]
[Black "De Groot,M"]
[Result "0-1"]
[WhiteElo "2221"]
[BlackElo "2157"]

1.Nf3 g6 2.c4 Bg7 3.Nc3 d6 4.e4 Nf6 5.d4 O-O 6.Be2 e5 7.d5 a5 8.Bg5 h6 9.Bh4 Qe8
10.Nd2 Na6 11.O-O Bd7 12.Kh1 Nc5 13.Qc2 Nh7 14.Nb5 Qb8 15.f3 f5 16.b3 Nf6
17.a3 Nh5 18.b4 Bxb5 19.bxc5 Ba6 20.cxd6 cxd6 21.Rfe1 Qc7 22.Bf2 Qe7 23.Rab1 Nf4
24.Bf1 Rac8 25.Qa4 Qg5 26.Be3 Qh5 27.Rb6 Rfd8 28.Qxa5 Bf6 29.Qb4 Bh4 30.Rc1 Bg3
31.Bg1 Rc5 32.Rxd6 Rdc8 33.Rd8+ Rxd8 34.Qxc5 Qh4 35.Rb1 Be1 36.Qe3 Bg3 37.exf5 Nh5
38.fxg6 Bf4 39.Ne4 Bxe3 40.Bxe3 Kg7 41.g3 Qe7 42.Bc5 Qd7 43.Bd3 Rc8 44.Bd6 Re8
45.Rb6 Qa4 46.Nc5 Qd1+ 47.Kg2 Qd2+ 48.Kh3 Qe3 49.Be4 Qg1 50.Rb1 Qf2 51.Nxa6 bxa6
52.Rb7+ Kg8 53.Rf7 Ng7 54.c5 Qf1+ 55.Kh4 Qg2 56.Rxg7+ Kxg7 57.h3 Qd2 58.g4 h5
59.c6 hxg4 60.fxg4  0-1

[Event "Liga Nacional Ajedrez"]
[Site "Villa Martelli ARG"]
[Date "2008.08.09"]
[Round "1"]
[White "Mareco,S"]
[Black "Converset,J"]
[Result "0-1"]
[WhiteElo "2477"]
[BlackElo "2243"]

1.c4 g6 2.Nc3 Bg7 3.d4 Nf6 4.e4 O-O 5.Nf3 d6 6.Be2 e5 7.Be3 Ng4 8.Bg5 f6
9.Bh4 Nc6 10.d5 Ne7 11.Nd2 Nh6 12.f3 c5 13.dxc6 bxc6 14.b4 a5 15.b5 Be6 16.O-O c5
17.Rb1 g5 18.Be1 f5 19.Nd5 Ng6 20.b6 Nf4 21.Nc7 Rb8 22.Nxe6 Nxe6 23.Nb3 Kh8
24.Bxa5 Nd4 25.Nxd4 exd4 26.Bd3 Be5 27.Bd2 f4 28.Rb5 g4 29.fxg4 Rxb6 30.Rxb6 Qxb6
31.g3 Qb2 32.h3 f3 33.Qc2 Qxc2 34.Bxc2 Ng8 35.Kf2 Ne7 36.h4 Nc6 37.Ba4 Nb4
38.Bxb4 cxb4 39.Rd1 Kg7 40.g5 h6 41.gxh6+ Kxh6 42.Bc2 Kh5 43.Rb1 Ra8 44.Rb3 Rxa2
45.Kxf3 Ra3  0-1

[Event "Acropolis Open"]
[Site "Athens GRE"]
[Date "2008.08.10"]
[Round "2"]
[White "Pavlidis,Ana"]
[Black "Klokas,K"]
[Result "1-0"]
[WhiteElo "2270"]
[BlackElo "2167"]

1.d4 Nf6 2.c4 g6 3.Nc3 Bg7 4.e4 d6 5.Nf3 O-O 6.Be2 e5 7.Be3 Ng4 8.Bg5 f6
9.Bh4 Qe8 10.d5 f5 11.Nd2 Nf6 12.f3 f4 13.Rc1 g5 14.Bf2 b6 15.b4 a5 16.a3 axb4
17.axb4 Na6 18.c5 bxc5 19.bxc5 Nxc5 20.Bxc5 dxc5 21.Nb5 Qh5 22.O-O Ne8 23.Rxc5 Rf6
24.Re1 Bf8 25.Rc4 Nd6 26.Rxc7 Rh6 27.Nf1 Nxb5 28.Bxb5 Bb4 29.d6 Bxd6 30.Qd5+  1-0

[Event "IV RC Sport Open"]
[Site "Ceska Trebova CZE"]
[Date "2008.08.10"]
[Round "4"]
[White "Plischki,S"]
[Black "Bejtovic,J"]
[Result "1/2-1/2"]
[WhiteElo "2402"]
[BlackElo "2335"]

1.Nf3 Nf6 2.c4 g6 3.Nc3 Bg7 4.e4 d6 5.d4 O-O 6.Be2 e5 7.Be3 exd4 8.Nxd4 Re8
9.f3 c6 10.Bf2 d5 11.exd5 cxd5 12.O-O Nc6 13.c5 Nh5 14.Qd2 Be5 15.g3 Ng7
16.Rfd1 Be6 17.Nxe6 fxe6 18.f4 Bf6 19.Nb5 Re7 20.Rac1 a6 21.Nd6 Nf5 22.Nxf5 gxf5
23.b4 Qf8 24.a4 a5 25.b5 Nb4 26.c6 Rc7 27.Bc5 Be7 28.Bb6 Bd6 29.Bxc7 Bxc7
30.Qe3 b6 31.Qxe6+ Qf7 32.Qxf7+ Kxf7 33.Kg2 Rd8 34.Rc3 d4 35.Rb3 Nc2 36.Rd2 Ne3+
37.Rxe3 dxe3 38.Rxd8 Bxd8 39.Kf3 Bc7 40.Kxe3 h6 41.Bd3 Ke6 42.h3 Bd8 43.Kf3 Kf6
44.g4 fxg4+ 45.Kxg4 Bc7 46.f5 Bd6 47.Bc4 Bc7 48.Be6 Bd6 49.Bd7 Bc7 50.Be8 Bd6
51.Bg6 Bc7 52.h4 Bd6 53.Kh5 Bf4  1/2-1/2

[Event "Open"]
[Site "Ptuj SLO"]
[Date "2008.08.10"]
[Round "3"]
[White "Gaber,L"]
[Black "White,K"]
[Result "0-1"]
[WhiteElo "1500"]
[BlackElo "2064"]

1.d4 Nf6 2.c4 g6 3.Nc3 Bg7 4.Nf3 O-O 5.e4 d6 6.Be2 Nbd7 7.O-O e5 8.dxe5 dxe5
9.h3 c6 10.Be3 Qe7 11.Qc2 Nh5 12.Nd2 Nf4 13.Bxf4 exf4 14.Rad1 Ne5 15.Nf3 Be6
16.Nxe5 Bxe5 17.Bf3 Bxc4 18.Rfe1 Be6 19.Bg4 Bxg4 20.hxg4 Rfd8 21.Ne2 Rxd1
22.Rxd1 Qe6 23.f3 Qxa2 24.Rd7 Rb8 25.Nc3 Qe6  0-1

[Event "Acropolis Open"]
[Site "Athens GRE"]
[Date "2008.08.11"]
[Round "3"]
[White "Saravanan,V1"]
[Black "Banikas,H"]
[Result "0-1"]
[WhiteElo "2405"]
[BlackElo "2571"]

1.Nf3 Nf6 2.c4 g6 3.Nc3 Bg7 4.e4 d6 5.d4 O-O 6.Be2 e5 7.Be3 c6 8.d5 Ng4 9.Bg5 f6
10.Bh4 c5 11.Nd2 Nh6 12.f3 Nf7 13.Rb1 Bh6 14.Bf2 a5 15.a3 f5 16.Qc2 Na6 17.Bd3 Qg5
18.h4 Qxd2+ 19.Qxd2 Bxd2+ 20.Kxd2 Bd7 21.Bc2 Rab8 22.h5 f4 23.Nb5 g5 24.h6 Kh8
25.Ba4 Be8 26.Ke2 Rg8 27.Be1 b6 28.Bc3 Rg6 29.g3 fxg3 30.Rbg1 Nc7 31.Nxc7 Bxa4
32.Rxg3 Rc8 33.Ne6 Bd7 34.f4 gxf4 35.Rxg6 hxg6 36.Nxf4 Kh7 37.Ng2 g5 38.Ne3 Nxh6
39.b4 axb4 40.axb4 Ra8 41.bxc5 bxc5 42.Rb1 Ra7 43.Rb6 Nf7 44.Bb2 Kg6 45.Kf3 Kf6
46.Rb8 Ke7 47.Rg8 Rb7 48.Bc1 Rb1 49.Bd2 Rh1 50.Rg6 Rh3+ 51.Ke2 Rh2+ 52.Kd3 Kf8
53.Bc1 Rh6 54.Rxh6 Nxh6 55.Nd1 Nf7 56.Nc3 Kg7 57.Ke3 Kf6 58.Kf3 Ke7 59.Kg3 Kd8
60.Bd2 Bc8 61.Nd1 Ke7 62.Ba5 Nh6 63.Bd2 Kf6 64.Ba5 Nf7 65.Ne3 Ke7 66.Bd2 Bd7
67.Kf3 Kf6 68.Ba5 Kg6 69.Bc7 g4+ 70.Nxg4 Ng5+ 71.Ke3 Bxg4 72.Bxd6 Bh3 73.Bxc5 Bg2
74.d6 Bh3 75.Bb6 Nf7 76.c5 Kf6 77.Kf3 Bd7 78.Kg3 Kg6 79.Kf3 Ng5+ 80.Ke3 Bc6
81.Bc7 Nf7 82.Kf3 Kf6 83.Kg4 Bxe4  0-1

[Event "BDO Challenger"]
[Site "Haarlem NED"]
[Date "2008.08.11"]
[Round "3"]
[White "Duchene,R"]
[Black "Croese,C"]
[Result "1/2-1/2"]
[WhiteElo "2221"]
[BlackElo "2363"]

1.Nf3 Nf6 2.c4 g6 3.Nc3 Bg7 4.e4 d6 5.d4 O-O 6.Be2 Na6 7.O-O e5 8.Be3 Ng4
9.Bg5 Qe8 10.c5 exd4 11.Nxd4 dxc5 12.Ndb5 Nf6 13.Re1 Be6 14.e5 Nd7 15.Bf3 Nxe5
16.Bxb7 Rb8 17.Bxa6 Qc6 18.Ne4 Bf5 19.Qa4  1/2-1/2

[Event "BDO Challenger"]
[Site "Haarlem NED"]
[Date "2008.08.12"]
[Round "4"]
[White "Rubingh,O"]
[Black "Klein,Da"]
[Result "1-0"]
[WhiteElo "2267"]
[BlackElo "2135"]

1.d4 Nf6 2.Nf3 g6 3.c4 Bg7 4.Nc3 O-O 5.e4 d6 6.Be2 e5 7.dxe5 dxe5 8.Qxd8 Rxd8
9.Bg5 Re8 10.O-O-O c6 11.Nxe5 Be6 12.Nf3 Ng4 13.Rhf1 h6 14.Bf4 g5 15.Bd6 Nd7
16.Nd4 Nge5 17.Nxe6 Rxe6 18.Kc2 a6 19.c5 a5 20.Na4 Bf8 21.Bxf8 Rxf8 22.Rd4 Kg7
23.Rfd1 Re7 24.g3 g4 25.Bxg4 Nxg4 26.Rxd7 Rxe4 27.Nc3 Re5 28.Rxb7 Rxc5 29.Rd4 h5
30.Ra7 Rf5 31.f4 Nxh2 32.Ra4 Nf1 33.Ne4 Re8 34.Kd3 Rd5+ 35.Rd4 Red8 36.Rxd5 cxd5
37.Ng5 Nxg3 38.Ne6+  1-0

[Event "VII Open"]
[Site "Ortigueira ESP"]
[Date "2008.08.12"]
[Round "3"]
[White "Petkov,V"]
[Black "Paunovic,D"]
[Result "1-0"]
[WhiteElo "2423"]
[BlackElo "2539"]

1.d4 d6 2.Nf3 Nf6 3.c4 g6 4.Nc3 Bg7 5.e4 O-O 6.Be2 e5 7.Be3 c6 8.d5 Ng4 9.Bg5 f6
10.Bh4 Na6 11.O-O c5 12.Ne1 Nh6 13.Nd3 Nb4 14.Nxb4 cxb4 15.Na4 Bd7 16.a3 bxa3
17.Rxa3 g5 18.Bg3 f5 19.exf5 Nxf5 20.Nc3 a5 21.Ne4 b6 22.Qd2 h6 23.b4 Qc7
24.c5 bxc5 25.bxc5 Nxg3 26.Rxg3 Rf4 27.Re3 Bf5 28.Nxd6 Qxc5 29.Nxf5 Rxf5
30.Bd3 Rf4 31.Be4 Qd6 32.g3 Rf6 33.Rd3 Bf8 34.Kg2 Qb4 35.Qd1 Bc5 36.Rf3 Raf8
37.Rxf6 Rxf6 38.Qg4 Qd4 39.f3 Qb2+ 40.Kh3 Qb8 41.Rc1 Bf8 42.Qd7 Rf7 43.Qg4 Qd8
44.Rc6 Rf6 45.Rc8 Qd6 46.Ra8 Qc7 47.Bf5 Qc4 48.Qxc4  1-0

[Event "FSGM August"]
[Site "Budapest HUN"]
[Date "2008.08.13"]
[Round "12"]
[White "Lorscheid,G"]
[Black "Cabrera Trujillo,J"]
[Result "1/2-1/2"]
[WhiteElo "2348"]
[BlackElo "2423"]

1.d4 Nf6 2.c4 g6 3.Nc3 Bg7 4.e4 d6 5.Be2 O-O 6.Nf3 e5 7.dxe5 dxe5 8.Qxd8 Rxd8
9.Bg5 Re8 10.Nd5 Nxd5 11.cxd5 c6 12.Bc4 cxd5 13.Bxd5 Nd7 14.Nd2 h6 15.Be3 Nf6
16.Bb3 b6 17.Rc1 Ng4 18.Rc7  1/2-1/2

[Event "IV RC Sport Open"]
[Site "Ceska Trebova CZE"]
[Date "2008.08.13"]
[Round "7"]
[White "Smith,Ax"]
[Black "Valenta,V jr"]
[Result "1-0"]
[WhiteElo "2427"]
[BlackElo "2211"]

1.d4 Nf6 2.c4 d6 3.Nf3 Nbd7 4.Nc3 e5 5.e4 g6 6.Be2 Bg7 7.O-O O-O 8.Be3 h6
9.h3 Re8 10.d5 Nc5 11.Nd2 a5 12.a3 b6 13.b4 Nb7 14.Nb3 Bf8 15.Qc2 Bd7 16.Rfc1 Bc8
17.c5 dxc5 18.bxc5 a4 19.c6 axb3 20.cxb7 Bxb7 21.Qxb3 Nd7 22.Bb5 Bd6 23.Bxh6 Bc5
24.Ra2 Qe7 25.a4 Reb8 26.Rd1 Bd4 27.Bxd7 Qxd7 28.Nb5 Bc5 29.Qg3 Re8 30.Bg5 Bf8
31.Rc1 Rac8 32.Rac2 c5 33.h4 Bg7 34.Be3 Ra8 35.Nc3 Ba6 36.Rb2 Qd6 37.Qg4 Bc8
38.Qd1 f5 39.Rcb1 Rb8 40.a5 f4 41.Bd2 Qe7 42.Rxb6 Ra8 43.Nb5 Rd8 44.h5 Ra6
45.hxg6 Qg5 46.Nc7 Bh3 47.Qf3 Bg4 48.Qa3 Rxb6 49.Rxb6 Qh5 50.f3  1-0

[Event "Open"]
[Site "Panevezys LTU"]
[Date "2008.08.13"]
[Round "3"]
[White "Kviliunas,V"]
[Black "Petraitis,G"]
[Result "1/2-1/2"]
[WhiteElo "1877"]
[BlackElo "2071"]

1.d4 Nf6 2.Nf3 g6 3.c4 Bg7 4.Nc3 O-O 5.e4 d6 6.Be2 e5 7.dxe5 dxe5 8.Bg5 Qxd1+
9.Rxd1 c6 10.O-O Nbd7 11.Rd6 h6 12.Bh4 g5 13.Bg3 Nh5 14.Rfd1 Nxg3 15.hxg3 Nf6
16.Nxe5 Ne8 17.Nxf7 Kxf7 18.Rd8 Bxc3 19.bxc3 Nf6 20.e5 Rxd8 21.Rxd8 Ke7 22.Rh8 Ne4
23.Bg4 Bxg4 24.Rxa8 Be2 25.Rxa7 Nc5 26.Ra5 b6 27.Ra7+ Ke6 28.Rc7 Bxc4 29.Rxc6+ Kxe5
30.Rxb6 Bxa2 31.Rxh6 Ne4 32.Rh5 Kf6 33.Rh6+ Ke5 34.Rc6 Be6 35.c4 g4 36.f3 gxf3
37.gxf3 Nxg3 38.Kf2 Nf5 39.f4+ Kf6 40.Rc7 Nd6 41.c5 Ne8 42.Ra7 Bd5 43.Ke3 Ke6
44.Kd4 Bg2 45.Ra2 Bf3 46.Rf2 Bc6 47.Re2+ Kf5 48.Re7 Kxf4 49.Rf7+ Kg5 50.Ke5 Kg6
51.Ra7 Kg5 52.Ra6 Bb5 53.Rb6 Ba4 54.c6 Nf6 55.Ke6 Bxc6 56.Rxc6 Ng4 57.Rc5+ Kf4
58.Rf5+ Ke4 59.Rf1 Ne3 60.Re1 Kd4 61.Kf6 Nd5+ 62.Kf5 Ne3+ 63.Ke6 Ke4 64.Ra1 Kd4
65.Ra4+ Nc4 66.Kf5 Kd5 67.Ra8 Ne3+ 68.Kf4 Kd4 69.Kf3 Nd5  1/2-1/2

[Event "Petrovskaya Ladya GM1"]
[Site "Peterhof RUS"]
[Date "2008.08.13"]
[Round "3"]
[White "Goganov,A"]
[Black "Utkin,Alek"]
[Result "1/2-1/2"]
[WhiteElo "2382"]
[BlackElo "2412"]

1.d4 g6 2.c4 Bg7 3.e4 d6 4.Nc3 Nd7 5.Nf3 e5 6.Be2 Ngf6 7.O-O O-O 8.Be3 Re8
9.d5 Nh5 10.g3 Bf8 11.Ne1 Ng7 12.Nd3 f5 13.f3 Be7 14.Qd2 Nf6 15.c5 Rf8 16.Rac1 fxe4
17.fxe4 Bh3 18.Rfe1 Ng4 19.Bxg4 Bxg4 20.Nb5 h5 21.Nf2 Bd7 22.Na3 h4 23.Nc4 hxg3
24.hxg3 Nh5 25.Kg2 b5 26.cxd6 cxd6 27.Na5 Bh4 28.gxh4 Qxh4 29.Rh1 Qg3+ 30.Kf1 Rf3
31.Bh6 Bh3+ 32.Ke1 Qg2 33.Rc3 Rxf2 34.Qxf2 Qxh1+ 35.Kd2 Nf4 36.Qg3 b4 37.Rc4 Qf1
38.Bxf4 Qxf4+ 39.Qxf4 exf4 40.Nb7 g5 41.Nxd6 g4 42.Ke2 Rf8 43.Rc2 Bg2 44.Kf2 Bh1
45.Kg1 Bf3 46.Kf2 Bd1 47.Rc8 Bf3 48.Rc1 a5 49.Rc7 Bh1 50.Nf5 g3+ 51.Kg1 Bxe4
52.Nh6+ Kh8 53.Nf7+ Kg8 54.Nh6+ Kh8 55.Nf7+ Kg8  1/2-1/2